<?xml version="1.0" encoding="UTF-8"?><?xml-stylesheet type="text/xsl" href="static/style.xsl"?><OAI-PMH xmlns="http://www.openarchives.org/OAI/2.0/" xmlns:xsi="http://www.w3.org/2001/XMLSchema-instance" xsi:schemaLocation="http://www.openarchives.org/OAI/2.0/ http://www.openarchives.org/OAI/2.0/OAI-PMH.xsd"><responseDate>2026-04-13T02:32:41Z</responseDate><request verb="GetRecord" identifier="oai:www.recercat.cat:2099.1/21263" metadataPrefix="marc">https://recercat.cat/oai/request</request><GetRecord><record><header><identifier>oai:recercat.cat:2099.1/21263</identifier><datestamp>2025-07-17T15:59:06Z</datestamp><setSpec>com_2072_1033</setSpec><setSpec>col_2072_452951</setSpec></header><metadata><record xmlns="http://www.loc.gov/MARC21/slim" xmlns:dcterms="http://purl.org/dc/terms/" xmlns:xsi="http://www.w3.org/2001/XMLSchema-instance" xmlns:doc="http://www.lyncode.com/xoai" xsi:schemaLocation="http://www.loc.gov/MARC21/slim http://www.loc.gov/standards/marcxml/schema/MARC21slim.xsd">
   <leader>00925njm 22002777a 4500</leader>
   <datafield ind2=" " ind1=" " tag="042">
      <subfield code="a">dc</subfield>
   </datafield>
   <datafield ind2=" " ind1=" " tag="720">
      <subfield code="a">Tomàs Gutierrez, Pere</subfield>
      <subfield code="e">author</subfield>
   </datafield>
   <datafield ind2=" " ind1=" " tag="260">
      <subfield code="c">2013-06-26</subfield>
   </datafield>
   <datafield ind2=" " ind1=" " tag="520">
      <subfield code="a">Aquest treball de fi de màster vol utilitzar les noves tecnologies per millorar els processos de comunicació col·laborativa entre famílies i centres educatius.&#xd;
&#xd;
A partir de l’estudi dels processos de comunicació actuals i davant l'evidència d'unes necessitats no adequadament cobertes, s'ha dissenyat un model teòric i una proposta d’implantació reutilitzant recursos ja existents tant als instituts com a les llars de les famílies.&#xd;
Davant d’un problema com és el fracàs escolar, una solució a aplicar és establir una bona&#xd;
col·laboració família-centre i aconseguir que els pares s’impliquin més en el procés&#xd;
d’aprenentatge dels seus fills.&#xd;
El propòsit final és la millora del rendiment acadèmic i la formació com a persona de l'alumnat&#xd;
mitjançant la implicació dels pares en el procés educatiu dels seus fills i d'un millor coneixement&#xd;
de l’alumne per part del docent.&#xd;
En el nou model proposat com a pont entre docents i famílies es pot intercanviar un flux&#xd;
continuo d’informació rellevant sobre els alumnes. El nou sistema, implementat sobre el&#xd;
conegut gestor de continguts Moodle, proporciona llibertat d´horaris amb disponobilitat 24x6 i&#xd;
comunicacions síncrones i asíncrones.&#xd;
Continguts com el seguiment de l’evolució acadèmica, tutories virtuals, informació sobre&#xd;
materials curriculars, alertes d’assistència o calendari d’events, entre d’altres, conformen el&#xd;
nucli d’aquesta plataforma de participació i col·laboració.&#xd;
L’eina proposada al TFM vol aportar solucions davant d'un dels grans reptes que planteja el&#xd;
món educatiu en l’actualitat: La col·laboració entre la família i el docent.</subfield>
   </datafield>
   <datafield tag="653" ind2=" " ind1=" ">
      <subfield code="a">Àrees temàtiques de la UPC::Ensenyament i aprenentatge::Ensenyament secundari</subfield>
   </datafield>
   <datafield tag="653" ind2=" " ind1=" ">
      <subfield code="a">Àrees temàtiques de la UPC::Ensenyament i aprenentatge::TIC's aplicades a l'educació</subfield>
   </datafield>
   <datafield tag="653" ind2=" " ind1=" ">
      <subfield code="a">Information technology -- Study and teaching (Secondary)</subfield>
   </datafield>
   <datafield tag="653" ind2=" " ind1=" ">
      <subfield code="a">Technological innovations -- Study and teaching (Secondary)</subfield>
   </datafield>
   <datafield tag="653" ind2=" " ind1=" ">
      <subfield code="a">Col·laboració</subfield>
   </datafield>
   <datafield tag="653" ind2=" " ind1=" ">
      <subfield code="a">Docents</subfield>
   </datafield>
   <datafield tag="653" ind2=" " ind1=" ">
      <subfield code="a">Participació</subfield>
   </datafield>
   <datafield tag="653" ind2=" " ind1=" ">
      <subfield code="a">Eficiència</subfield>
   </datafield>
   <datafield tag="653" ind2=" " ind1=" ">
      <subfield code="a">Comunicació</subfield>
   </datafield>
   <datafield tag="653" ind2=" " ind1=" ">
      <subfield code="a">Innovació</subfield>
   </datafield>
   <datafield tag="653" ind2=" " ind1=" ">
      <subfield code="a">Tecnologia de la informació -- Educació secundària obligatòria</subfield>
   </datafield>
   <datafield tag="653" ind2=" " ind1=" ">
      <subfield code="a">Innovacions tecnològiques -- Educació secundària obligatòria</subfield>
   </datafield>
   <datafield ind2="0" ind1="0" tag="245">
      <subfield code="a">Introducció de les TIC en la comunicació entre el centre educatiu i les famílies</subfield>
   </datafield>
</record></metadata></record></GetRecord></OAI-PMH>